Perumpamaan (Record no. 98012)

MARC details
000 -LEADER
fixed length control field 00745nam a2200265 i 4500
001 - CONTROL NUMBER
control field C2-0293267
003 - CONTROL NUMBER IDENTIFIER
control field PPAK
005 - DATE AND TIME OF LATEST TRANSACTION
control field 20180728025144.0
008 - FIXED-LENGTH DATA ELEMENTS--GENERAL INFORMATION
fixed length control field 090122s2007 my a|||| ||||| | may d
020 ## - INTERNATIONAL STANDARD BOOK NUMBER
International Standard Book Number 9831517180
040 ## - CATALOGING SOURCE
Original cataloging agency PPAK
Language of cataloging eng
Transcribing agency PPAK
Description conventions rda
082 04 - DEWEY DECIMAL CLASSIFICATION NUMBER
Classification number 499.23
Edition number 23
090 00 - LOCALLY ASSIGNED LC-TYPE CALL NUMBER (OCLC); LOCAL CALL NUMBER (RLIN)
Classification number (OCLC) (R) ; Classification number, CALL (RLIN) (NR) 499.23
Feature heading SUZ
Feature heading K
100 0# - MAIN ENTRY--PERSONAL NAME
Personal name Suzie Mat Harun,
Relator term author
245 10 - TITLE STATEMENT
Title Perumpamaan
264 #1 - PRODUCTION, PUBLICATION, DISTRIBUTION, MANUFACTURE, AND COPYRIGHT NOTICE
Place of production, publication, distribution, manufacture Kuala Lumpur :
Name of producer, publisher, distributor, manufacturer Penerbitan Fargoes ,
Date of production, publication, distribution, manufacture, or copyright notice 2007
300 ## - PHYSICAL DESCRIPTION
Extent 64 pages :
Other physical details colour illustrations ;
Dimensions 22 cm
336 ## - CONTENT TYPE
Source rdacontent
Content type term text
337 ## - MEDIA TYPE
Source rdamedia
Media type term unmediated
338 ## - CARRIER TYPE
Source rdacarrier
Carrier type term volume
490 1# - SERIES STATEMENT
Series statement Siri kamus cerdik KBSR
650 10 - SUBJECT ADDED ENTRY--TOPICAL TERM
Topical term or geographic name entry element Malay language - Collection nouns
830 #0 - SERIES ADDED ENTRY--UNIFORM TITLE
Uniform title Siri kamus cerdik KBSR
942 ## - ADDED ENTRY ELEMENTS (KOHA)
-- dc
Koha item type Book
Holdings
Withdrawn Not for loan Current library Shelving location Date acquired Total Checkouts Full call number Barcode Date last seen Date last checked out Koha item type Total Renewals
    Perpustakaan Awam Sungai Petani Pinjaman Kanak-kanak 18/02/2009 1 K 499.23 SUZ A01274051 11/09/2019 08/09/2019 Book  
    Perpustakaan Baling Pinjaman Kanak-kanak 18/02/2009   K 499.23 SUZ A01274054 09/05/2018   Book  
    Perpustakaan Jitra Pinjaman Kanak-kanak 18/02/2009   K 499.23 SUZ A01274052 09/05/2018   Book  
    Perpustakaan Kulim Pinjaman Kanak-kanak 18/02/2009 8 K 499.23 SUZ A01274053 23/05/2026 10/05/2026 Book  
    Perpustakaan Merbok Pinjaman Kanak-kanak 09/02/2009 2 K 499.23 SUZ A01262270 11/11/2024 05/11/2024 Book  
    Perpustakaan Merbok Pinjaman Kanak-kanak 07/04/2009 1 K 499.23 SUZ A01282044 24/11/2025 15/10/2025 Book 1
    PD33, Kg. Belau, Merbok Pinjaman Kanak-kanak 30/11/2009   K 499.23 SUZ A01335354 09/05/2018   Book  
    T-PD32, Kg. Thye Eng, Bedong Pinjaman Kanak-kanak 30/11/2009   K 499.23 SUZ A01335353 09/05/2018   Book